000 03732nab a2200325 i 4500
003 BR-BrBNA
005 20240513100645.0
008 240513b2022 bl.ar|pooa||| 00| 0 eng |
040 _aBR-BrBNA
_beng
072 _aF01
_b1940
100 _aToebe, Marcos
100 _aCargnelutti Filho, Alberto
100 _aSouza, Rafael Rodrigues de
100 _aSoares, Franciele dos Santos
100 _aMello, Anderson Chuquel
100 _aMelo, Patrícia Jesus de
100 _aSilva, Lucas Santos da
245 _aPlot size and number of replicates for experiments with forage sorghum
500 _a Publicação on-line; 22 ref.; Summaries (En, Pt)
520 _a Abstract ‒ The objective of this work was to define the optimal plot size and number of replicates for the evaluation of the fresh weight of sorghum (Sorghum bicolor) hybrids. Thirty-two uniformity trials were carried out with two hybrids, in two sowing dates and four evaluation periods. Each trial was divided into 48 basic experimental units (BEUs) of 0.5 m2 , and fresh weight was determined for each BEU. The mean, variance, coefficient of variation , first-order spatial autocorrelation coefficient, optimal plot size, and coefficient of variation of the optimal plot size were calculated. The number of replicates was determined on the basis of the largest calculated plot size, through an iterative process, for the combinations of number of treatments and differences among means to be detected as significant by Tukey’s test, at 5% probability. The optimal plot size ranged from 1.79 to 2.58 m2 , and the number of replicates from 2.6 (~3) to 49.2 (~50). The optimal plot size is 2.58 m2, and five replicates are sufficient to identify as significant the differences between treatment means of 35%. Index terms: Sorghum bicolor, experiment planning, uniformity trials.
520 _a Resumo ‒ O objetivo deste trabalho foi definir o tamanho ótimo de parcela e o número de repetições para a avaliação da massa de matéria fresca de híbridos de sorgo (Sorghum bicolor). Trinta e dois ensaios de uniformidade foram realizados com dois híbridos, em duas datas de semeadura e quatro períodos de avaliação. Cada ensaio foi dividido em 48 unidades experimentais básicas (UEBs) de 0,5 m2, e a massa de matéria fresca foi determinada para cada UEB. Calcularam-se a média, a variância, o coeficiente de variação, o coeficiente de autocorrelação espacial de primeira ordem, o tamanho ótimo de parcela e o coeficiente de variação do tamanho ótimo de parcela. O número de repetições foi determinado com base no maior tamanho de parcela, por meio de um processo iterativo, para as combinações de número de tratamentos e de diferenças entre médias a serem detectadas como significativas pelo teste de Tukey, a 5% de probabilidade. O tamanho ótimo de parcela oscilou entre 1,79 e 2,58 m2, e o número de repetições entre 2,6 (~3) e 49,2 (~50). O tamanho ótimo de parcela é de 2,58 m2 , e cinco repetições são suficientes para identificar como significativas as diferenças entre médias de tratamentos de 35%. Termos para indexação: Sorghum bicolor, planejamento experimental, ensaios de uniformidade.
650 _aSORGO FORRAGEIRO
650 _aHÍBRIDO
650 _aPARCELA EXPERIMENTAL
650 _aPLANEJAMENTO
773 0 _0920
_925802
_dBrasília-DF Empresa Brasileira de Pesquisa Agropecuária - EMBRAPA 1966-
_o2023-436358
_tPesquisa Agropecuária Brasileira (Brazil)
_x0100-204X
_gv. 57 p. 1-7; (2022)
_wBR2024000659
856 _uhttps://www.scielo.br/j/pab/a/Pyk5y65Mkwr7cKrxJ84cfhJ/?format=pdf&lang=en
942 _cAnalítica
999 _c299553
_d299553